| 000 | 00294 a2200109 4500 | ||
|---|---|---|---|
| 082 | _a627.23 SUB | ||
| 100 | _aSubramanya,K | ||
| 245 |
_aFlow in Open Channels / _cK.Subramanya |
||
| 250 | _a2nd. ed. | ||
| 260 |
_aNew Delhi : _cTata McGraw Hill Publishing Comp, _b2003 |
||
| 300 |
_a529p, : _bill . ; _c25cm |
||
| 650 | _achannels | ||
| 999 |
_c1587 _d1587 |
||